Loading...
| History - Other | 0 | 5 | 0 | 0 | 50 | 117 | 128.20 | 4 | 5 | 0.00 | 0.00 |
| Science - Biology | 1 | 3 | 0 | 0 | 45 | 58 | 97.00 | 2 | 4 | 0.00 | 0.00 |
| History - World | 1 | 3 | 0 | 0 | 45 | 59 | 77.25 | 2 | 4 | 0.00 | 0.00 |
| Science - Chemistry | 0 | 4 | 0 | 1 | 40 | 56 | 109.25 | 3 | 4 | 0.00 | 0.00 |
| Science - Other | 0 | 4 | 0 | 1 | 40 | 98 | 108.75 | 2 | 4 | 0.00 | 0.00 |
| History - American | 1 | 2 | 0 | 0 | 35 | 62 | 91.67 | 1 | 3 | 0.00 | 0.00 |
| Fine Arts - Other | 0 | 3 | 0 | 1 | 30 | 103 | 120.67 | 2 | 3 | 0.00 | 0.00 |
| Religion | 0 | 3 | 0 | 1 | 30 | 85 | 105.67 | 2 | 3 | 0.00 | 0.00 |
| Literature - American | 0 | 3 | 0 | 0 | 30 | 82 | 100.33 | 2 | 3 | 0.00 | 0.00 |
| Science - Physics | 0 | 2 | 0 | 0 | 20 | 85 | 101.50 | 1 | 2 | 0.00 | 0.00 |
| Social Science | 0 | 2 | 1 | 0 | 15 | 111 | 115.00 | 0 | 2 | 0.00 | 0.00 |
| History - European | 1 | 0 | 0 | 0 | 15 | 75 | 75.00 | 1 | 1 | 0.00 | 0.00 |
| Literature - World | 0 | 1 | 0 | 0 | 10 | 114 | 114.00 | 1 | 1 | 0.00 | 0.00 |
| Fine Arts - Auditory | 0 | 1 | 0 | 0 | 10 | 111 | 111.00 | 1 | 1 | 0.00 | 0.00 |
| Other Academic | 0 | 1 | 0 | 0 | 10 | 106 | 106.00 | 1 | 1 | 0.00 | 0.00 |
| Mythology | 0 | 1 | 1 | 1 | 5 | 146 | 146.00 | 1 | 1 | 0.00 | 0.00 |
| Literature - European | 0 | 1 | 1 | 0 | 5 | 118 | 118.00 | 0 | 1 | 0.00 | 0.00 |
| Literature - British | 0 | 1 | 1 | 0 | 5 | 78 | 78.00 | 1 | 1 | 0.00 | 0.00 |
| Fine Arts - Visual | 0 | 1 | 1 | 0 | 5 | 109 | 109.00 | 0 | 1 | 0.00 | 0.00 |
| Philosophy | 0 | 0 | 0 | 0 | 0 | 0.00 | 0 | 0 | 0.00 | 0.00 |